| 000 | 00440nam a2200121Ia 4500 | ||
|---|---|---|---|
| 008 | 220620s9999||||xx |||||||||||||| ||und|| | ||
| 100 | _aOksenberg, Michel||Riskin, Carl||Scalapino, Robt||Vogel, Ezra F.||Vogel, Ezra | ||
| 245 | 4 |
_aThe Cultural Revolution _b1967 in Review |
|
| 546 | _aEnglish[eng] | ||
| 650 | _aSociology and anthropology | ||
| 856 | _uhttps://library.oapen.org/bitstream/20.500.12657/41814/1/9780472902125.pdf | ||
| 942 | _cEB | ||
| 999 |
_c26761 _d26761 |
||